Francúzština Pre prevádzku hotelov spoločného stravovania

Guardado en:
Detalles Bibliográficos
Autor principal: Loucká, Hana
Otros Autores: Velíšková, Olga, Špinková, Eva
Formato: Libro
Lenguaje:eslovaco
Publicado: Bratislava Slov. ped. nakl. 1988
Edición:1. vyd.
Etiquetas: Agregar Etiqueta
Sin Etiquetas, Sea el primero en etiquetar este registro!

MARC

LEADER 00000nam a2200000 4500
001 c040971
005 20221219091613.7
041 0 |a slo 
044 |a SK 
245 1 0 |a Francúzština  |b Pre prevádzku hotelov spoločného stravovania  |c Hana Loucká, Olga Velíšková, Eva Špinková 
250 |a 1. vyd. 
264 1 |a Bratislava  |b Slov. ped. nakl.  |c 1988 
300 |a 149 s. 
100 1 |a Loucká, Hana 
700 1 |a Velíšková, Olga 
700 1 |a Špinková, Eva